| 000 | 00362nam a2200133Ia 4500 | ||
|---|---|---|---|
| 005 | 20260328101520.0 | ||
| 008 | 260328s9999||||xx |||||||||||||| ||und|| | ||
| 100 | _aChamberlain, Samuel | ||
| 245 | 0 |
_aRockefeller Center : _b A PhotoGraphic narrrative / _cSamuel Chamberlain |
|
| 260 | _bHastings House | ||
| 300 | _a72 p. | ||
| 650 | _aESTADOS UNIDOS | ||
| 942 | _cBK | ||
| 999 |
_c9566 _d9566 |
||